PROGRAMMING IN ANSI C (Record no. 481851)

MARC details
000 -LEADER
fixed length control field 00777nam a2200253Ia 4500
008 - FIXED-LENGTH DATA ELEMENTS--GENERAL INFORMATION
fixed length control field 100315s9999 xx 000 0 und d
020 ## - INTERNATIONAL STANDARD BOOK NUMBER
International Standard Book Number 0-07-462353-2 
040 ## - CATALOGING SOURCE
Transcribing agency ENGLISH 
082 ## - DEWEY DECIMAL CLASSIFICATION NUMBER
Item number 7116 
Classification number 004 
100 ## - MAIN ENTRY--PERSONAL NAME
Personal name "Kumar , Ram, Agrawal , Rakesh "
245 ## - TITLE STATEMENT
Title PROGRAMMING IN ANSI C
250 ## - EDITION STATEMENT
Edition statement 3rd 
260 ## - PUBLICATION, DISTRIBUTION, ETC. (IMPRINT)
Place of publication, distribution, etc NEW DELHI 
Name of publisher, distributor, etc Tata Mc-Grawhill  
Date of publication, distribution, etc 1995 
300 ## - PHYSICAL DESCRIPTION
Extent "XXII ,452  "
365 ## - TRADE PRICE
Price note Rupees 
Unit of pricing
Price amount 0.00 
366 ## - TRADE AVAILABILITY INFORMATION
Publishers' discount category
505 ## - FORMATTED CONTENTS NOTE
Miscellaneous information Jaya Nikhade 
530 ## - ADDITIONAL PHYSICAL FORM AVAILABLE NOTE
Availability source Donated by RBI Library  
620 ## -
-- "Computers and Programming,Sequenial Structure , Selective Structure , Repective Structure, File Processing "
630 ## - SUBJECT ADDED ENTRY--UNIFORM TITLE
Uniform title PROGRAMMING IN ANSI C
650 ## - SUBJECT ADDED ENTRY--TOPICAL TERM
Topical term or geographic name as entry element COMPUTER 
730 ## - ADDED ENTRY--UNIFORM TITLE
Uniform title PROGRAMMING IN ANSI C
942 ## - ADDED ENTRY ELEMENTS (KOHA)
Koha item type Book
Holdings
Withdrawn status Lost status Damaged status Not for loan Home library Current library Date acquired Cost, normal purchase price Total Checkouts Full call number Barcode Date last seen Price effective from Koha item type
        Dr. V. N. Bedekar Institute of Management Studies Library Dr. V. N. Bedekar Institute of Management Studies Library 03/14/2009 0.00   004 /KUM/AGR  7116  VPMBRIMS-7116  03/19/2010 03/19/2010 Book